Normal view
MARC view
- McLachlan, Wayne
Entry Personal Name
001 - CONTROL NUMBER
- control field: 104200
003 - CONTROL NUMBER IDENTIFIER
- control field: NUST
005 - DATE AND TIME OF LATEST TRANSACTION
- control field: 20221206105744.0
008 - FIXED-LENGTH DATA ELEMENTS
- fixed length control field: 221206|| aca||aabn | a|a d
040 ## - CATALOGING SOURCE
- Original cataloging agency: NUST
- Transcribing agency: NUST
100 ## - HEADING--PERSONAL NAME
- Personal name: McLachlan, Wayne
670 ## - SOURCE DATA FOUND
- Source citation: Work cat.: (NUST)182443: Buchla, David. 104199, Applied electronic instrumentation and measurement /, c1992.
